000 01284nam a2200337 i 4500
001 000046458
003 DO-SdBNP
005 20250804080020.0
007 ta
008 250804d2009 dr f001 0 spa d
040 _aDO-SdBNP
_bspa
_cBNPHU
_erda
041 _asp
082 _a347.7293
_bR426c, 2009
_222
110 1 _aRepública Dominicana.
_9447
240 1 0 _aCódigo de Procedimiento Civil
245 1 0 _aCódigo de procedimiento civil de la República Dominicana /
_ccompilación Trajano Vidal Potentini, Juan Pablo Acosta
250 _aSéptima edición, revisada, corregida y actualizada
264 _aMoca, República Dominicana :
_bEditora Dalí,
_c2009
300 _a320 páginas. ;
_c15 cm.
336 _ardacontent
_btexto
_2txt
337 _ardamedia
_bsin mediación
_2n
338 _ardacarrier
_bvolumen
_2nc
500 _aActualizada y revisada con la edición de la Suprema Corte de Justicia en su edición de Procedimiento Civil
590 _aInventariada, 2025/DG
650 4 _aDerecho civil
_xLegislación
_zRepública Dominicana
_96943
650 4 _aProcedimiento civil
_xLegislación
_zRepública Dominicana
_911714
650 4 _aLeyes
_zRepública Dominicana
_93033
700 1 _aAcosta, Juan Pablo
_eautor
_974460
910 _aDG
942 _2ddc
_cLBS1
999 _c59717
_d59717